LEADER 00882nam a2200193 4500 001 000000356362 003 CaOOAMICUS 005 20231205151723.0 008 231205s1863 it 000 u ita r 040 $aSeMil$bita 245 00$aRegio Decreto che approva i programmi per gli esami nelle pubbliche scuole secondarie classiche : $b29 ottobre 1863. 264 1$aTorino :$bStamperia Reale,$c1863. 300 $a60 p. ;$c22 cm 650 4$aRegno di Sardegna <1720-1861>.$0(OLS)http://semarc/subject/45293 850 $aSeMil 852 $aSeMil$W1$xVenegono$y1$m5B IV 10/11$j244943$B247530$CSeMilBibl$Z2$F247530 $8I 996 $6245$aRegio Decreto che approva i programmi per gli esami nelle pubbliche scuole secondarie classiche : $b29 ottobre 1863$9(OLS)http://semarc/title/446620 996 $6264$aTorino :$bStamperia Reale$9(OLS)http://semarc/publisher/34077 LEADER 01394nam a2200265 i 4500 001 000000042622 003 CaOOAMICUS 005 20230127143841.0 008 140402s1972 gw u000 u ger u 020 $a3-11-001834-9 040 $aSeMil$bita 100 1 $aRidderbos, Nicolaas Herman.$0(OLS)http://semarc/name/21110 245 14$aDie Psalmen :$bstilistische Verfahren und Aufbau mit besonder Berücksichtigung von Ps 1-41 /$cNic. H. Ridderbos. 260 $aBerlin ; New York :$bWalter de Gruyter,$c1972. 300 $a305 p. ;$c24 cm. 490 1 $aBeihefte zur Zeitschrift für die alttestamentliche Wissenschaft ;$v117 650 4$aBibbia. Antico Testamento. Salmi - Commentari, studi, critica, interpretazioni.$0(OLS)http://semarc/subject/289 650 4$aBibbia. Antico Testamento. Salmi, 1-50.$0(OLS)http://semarc/subject/7334 830 0$aBeihefte zur Zeitschrift für die alttestamentliche Wissenschaft ;$v117.$0(OLS)http://semarc/title/294 850 $aSeMil 852 $aSeMil$W1$xVenegono$y1$m2XA Q 117$j236796$B8777$CSeMilBibl$Z2$F8777 $81 996 $6020$a3-11-001834-9$9(OLS)http://semarc/number/13981 996 $6245$aDie Psalmen :$bstilistische Verfahren und Aufbau mit besonder Berücksichtigung von Ps 1-41$9(OLS)http://semarc/title/62226 996 $6260$aBerlin ; New York :$bWalter de Gruyter$9(OLS)http://semarc/publisher/29849